| 000 | 01163cam a2200337 4500 | ||
|---|---|---|---|
| 999 |
_c27518 _d27518 |
||
| 001 | 1715855 | ||
| 005 | 20170208162644.0 | ||
| 008 | 730102s1973 nyua 000 0 eng | ||
| 010 | _a 72078599 | ||
| 020 | _a0834810069 | ||
| 040 |
_aDLC _cDLC _dDLC |
||
| 041 | 1 |
_aeng _hjpn |
|
| 043 | _aa-ja--- | ||
| 050 | 0 | 0 |
_aNK4167 _b.E3213 |
| 100 | 1 |
_aEgami, Namio, _d1906-2002. |
|
| 240 | 1 | 0 |
_aNihon bijutsu no tanjo. _lEnglish |
| 245 | 1 | 4 |
_aThe beginnings of Japanese art/ _cWith supplementary chapters by Teruya Esaka and Ken Amakasu. Translated by John Bester. |
| 250 | _a[1st English ed.] | ||
| 260 |
_aNew York : _bWeatherhill, _c[1973] |
||
| 300 |
_a178 p. : _billus. (part col.) ; _c24 cm. |
||
| 440 | 4 |
_aThe Heibonsha survey of Japanese art, _v2 |
|
| 500 | _aTranslation of Nihon bijutsu no tanjo. | ||
| 650 | 0 |
_aPottery, Jōmon _xJapan. |
|
| 650 | 0 | _aPottery, Yayoi. | |
| 650 | 0 | _aPottery, Japanese. | |
| 650 | 0 | _aTerra-cotta sculpture, Japanese. | |
| 906 |
_a7 _bcbc _corignew _d1 _eopcn _f19 _gy-gencatlg |
||
| 942 |
_2lcc _cBOOKS _hNK 4167 .E3213 1973 |
||